000 00510nam a2200169Ia 4500
005 20250508160315.0
008 008 250505s9999 xx 000 0 hin d
037 _aTextual
040 _aFEDL
_beng
_cFEDL
041 _ahin
_2eng
084 _a307, NCE
_qFEDL
245 0 _aPrathmik kakshao ke liye samanaya vigyan. Part 2
260 _aNew Delhi, India
_bNational Council of Edcational Research and Training
_c1972
300 _a265p.
942 _cTEXL
_h307, NCE
999 _c1363525
_d1363525